Normal view
MARC view
Entry Topical Term
001 - CONTROL NUMBER
- control field: 23449
003 - CONTROL NUMBER IDENTIFIER
- control field: OSt
005 - DATE AND TIME OF LATEST TRANSACTION
- control field: 20210315151725.0
008 - FIXED-LENGTH DATA ELEMENTS
- fixed length control field: 210315|| aca||aabn | a|a d
040 ## - CATALOGING SOURCE
- Original cataloging agency: OSt
- Transcribing agency: OSt
150 ## - HEADING--TOPICAL TERM
- Topical term or geographic name entry element: Buch, M. N.
670 ## - SOURCE DATA FOUND
- Source citation: Work cat.: (OSt)515980: Buch, M. N. 22262, When the harvest moon is blue, 2008
